00388nam a2200157Ia 4500008004100000041001200041082000600053100004600059100000600105245005800111260001400169260001800183260000900201300001400210650000600224150909s9999 xx 000 0 und d aEnglish b- aMinistry of Agriculture And Irrigation  e- aRainfall and cropping patterns: Jammu& Kashmir V. 6 * aNew Delhi bGovt Of India c1976 a22 Pages a-